|
|
|
|
| LEADER |
00000nam a2200000 a 4500 |
| 001 |
vtls008377315 |
| 003 |
SK-MaSNL |
| 005 |
20260301123448.0 |
| 008 |
251124s1936 xo hun |
| 015 |
|
|
|a SKSNBA19191938-005013
|
| 035 |
|
|
|a SK01SNKBIKKM20020069532
|
| 035 |
|
|
|a SKM000071995
|
| 040 |
|
|
|a SNK
|b slo
|c SNK
|e AACR2
|
| 041 |
1 |
|
|a hun
|
| 044 |
|
|
|a xo
|
| 080 |
|
|
|a 894.511
|2 1981
|
| 100 |
1 |
|
|a Kaczér, Illés,
|d 1887-1980
|4 aut
|9 190000
|
| 245 |
1 |
0 |
|a Ikongo nem hal meg
|b regény
|c Kaczér Illés
|n II. [köt.]
|
| 260 |
|
|
|a Bratislava
|a = Pozsony
|b Kultúra
|c 1936
|e Bratislava
|e = Pozsony
|f Slov. Grafia
|
| 300 |
|
|
|a 221 s.
|c 8°
|
| 490 |
0 |
|
|a A Csehszlovákiai magyar tudományos, irodalmi és művészeti társaság szépirodalmi könyvsorozata
|v [6. köt.]
|
| 500 |
|
|
|a Rozlož. tit. list
|
| 500 |
|
|
|a Ob.: Jánoska Tivadar
|
| 650 |
0 |
7 |
|a maďarské romány
|2 SNK
|9 282203
|
| 655 |
|
7 |
|a umelecká literatúra
|2 SNKPH
|9 60405
|
| 700 |
1 |
|
|a Janoška, Teodor,
|d 1891-1960
|4 bjd
|9 172017
|
| 830 |
|
0 |
|a A Csehszlovákiai magyar tudományos, irodalmi és művészeti társaság szépirodalmi könyvsorozata
|9 309081
|
| 852 |
|
|
|a Slovenská národná knižnica v Martine
|b 10000
|h MS SD 3993/2
|
| 852 |
|
|
|a Univerzitná knižnica v Bratislave
|b 300000
|h SD 21676
|
| 852 |
|
|
|a Ústredná knižnica SAV v Bratislave
|b 600000
|h III A 18
|
| 958 |
|
|
|a OND
|
| 958 |
|
|
|a RK
|
| 958 |
|
|
|a TL
|
| 999 |
|
|
|c 736313
|d 738243
|
| 952 |
|
|
|a SNK
|b SNK
|y VYP
|7 0
|p 17A0540142
|o snkSD 3993/2 D1
|i snkKSK 1664/56
|8 3
|3 rekatalogizácia
|0 0
|1 0
|4 0
|d 2007-02-22
|l 0
|r 2026-02-23 22:45:00
|w 2026-02-23
|
| 952 |
|
|
|a SNK
|b SNK
|y PREZ
|7 0
|p 17A0568934
|o snkSD 3993/2
|i snk2803/36
|0 0
|1 0
|4 0
|d 2007-12-10
|l 0
|r 2025-11-07 00:00:00
|w 2026-02-23
|